000 00359nam a22001337a 4500
008 241217b |||||||| |||| 00| 0 eng d
020 _a0030603073
050 _aHD62.4
_b.R63
100 _aROBINSON, Richard D.
245 _aInternationalization of Business An Introduction
260 _aChicago
_bThe Dryden Press
_c1982
300 _axivi, 367p.
942 _cBK
999 _c1852
_d1852